| 000 | 00953nam a2200241 i 4500 | ||
|---|---|---|---|
| 999 |
_c666 _d666 |
||
| 005 | 20180122161452.0 | ||
| 008 | 140221b1299 ck ||||| |||| 00| 0 spa d | ||
| 040 |
_aCO-BoIAVH _cCO-BoIAVH |
||
| 041 | _aspa | ||
| 044 | _ack | ||
| 090 |
_aIND- _b82 |
||
| 100 | 1 | _aBarbosa Castillo, César Eduardo | |
| 245 | 1 | 0 |
_aContribución al conocimiento de la florura del Parque Nacional Natural El Tuparro / _cCésar Eduardo Barbosa Castillo. |
| 260 |
_aBogotá : _bInderena, _c1992. |
||
| 300 |
_a271. páginas _bilustraciones |
||
| 490 | 0 | 0 |
_aSerie publicaciones especiales del Inderena, Biblioteca Andres Posada Arango _v3 |
| 650 | 1 | 4 |
_aParque Nacional Natural _xVegetación _zColombia |
| 650 | 2 | 4 |
_aPlantas _xLista de especies _zColombia |
| 650 | 2 | 4 |
_aFlores _xDescripción _zColombia |
| 650 | 2 | 4 |
_aFlores _xClasificación _zColombia |
| 650 | 2 | 4 |
_aAspectos climatológicos _xGeomorfología _zColombia |
| 942 |
_cLIBRO _2z |
||